| 000 | 00540cab a2200181 4500 | ||
|---|---|---|---|
| 001 | ABS41054 | ||
| 008 | 090401t1989 xxu||||| |||| 00| 0 eng d | ||
| 035 | _a(Sirsi) u27885 | ||
| 041 | _aeng | ||
| 245 | _aOut-of-town supplement | ||
| 260 | _c1989 | ||
| 350 | _a0 | ||
| 490 |
_aShop Property _vJune 1989, 33-45(10) |
||
| 520 | _aSurvey of out of town shopping centres describing the growth in retail parks with a detailed directory of current projects. | ||
| 690 | _aPROPERTY-COMMERCIAL PROPERTY | ||
| 942 | _n0 | ||
| 948 | _c04/03/1997 | ||
| 999 |
_c18796 _d18796 |
||